01256naa a2200205 i 45000010005000000030009000050050017000140080039000310400021000700410008000910440008000991000132001072450135002395000021003745200170003956550030005657000119005957110083007147730253007973531KOSZ 00520191005125034.0151207s2005 FRA f |100 0 eng cBPKdKOSZ 005/EG aeng aFRA1 aMaliński, MirosławeAutord1996 - .bPolitechnika Koszalińska - Wydział Elektroniki,cKatedra Elektroniki Ciała Stałego10aInfluence of plasma waves on the photoacoustic and piezoelectric spectra of semiconductors /cMirosław Maliński, Leszek Bychto. aDane z autopsji. aThis paper presents results of numerical studies of influence of plasma waves is semiconductor samples on their photoacoustic and piezoelectric photothermal spectra. 0aMateriały konferencyjne.1 aBYCHTO, Leszek.d1996 - .bPolitechnika Koszalińska - Wydział Elektroniki,cKatedra Elektroniki Ciała Stałego22aWinter School on Wave and Quantum Acousticsn(34 ;d2000 ;cUstroń, Poland).0 iW :t34th Winter School on Wave and Quantum Acoustics, Ustroń, Poland, 28 February - 4 March 2005 / ed. by T. Błachowicz, J. Bodzenta and T. Pustelny. - dLes Ulis : EDP Sciences, 2005. -gs. 237-239kJournal de Physique IV Proceedings, Vol. 129